Combating the terrorists: democratic responses to political violence

Saved in:  
Bibliographic Details
Contributors: Tucker, H. H. (Editor)
Format: Print Book
Language:English
Published: New York [u.a.] Facts on File 1988
In:Year: 1988
Online Access: Table of Contents
Availability in Tübingen:Present in Tübingen.
UB: KB 18 A 5819
Check availability: HBZ Gateway
Subito Delivery Service: Order now.
Keywords:

MARC

LEADER 00000cam a2200000 c 4500
001 274960451
003 DE-627
005 20260206193932.0
007 tu
008 890222s1988 xxu||||| 00| ||eng c
016 7 |a b8923743  |2 UK 
020 |a 0816019045  |9 0-8160-1904-5 
035 |a (DE-627)274960451 
035 |a (DE-603)010653538 
035 |a (DE-576)017226066 
035 |a (DE-599)GBV274960451 
035 |a (OCoLC)242716270 
035 |a (OCoLC)17104360 
035 |a (DE-604)8013085026 
040 |a DE-627  |b ger  |c DE-627  |e rakwb 
041 |a eng 
044 |c XD-US  |c XA-GB 
050 0 |a HV6431 
050 0 |a HV6432 
082 0 |a 322.4'2 
082 0 |a 363.3/2/0973 
082 0 |a 322.4/2  |q OCLC 
082 0 |a 322.42  |q LoC  |2 DDC19oclc 
082 0 |a 363.320973  |2 DDC19oclc 
084 |a 3,6  |2 ssgn 
084 |a MD 8920  |2 rvk  |0 (DE-625)rvk/122569: 
245 0 0 |a Combating the terrorists  |b democratic responses to political violence  |c ed. by H. H. Tucker 
264 1 |a New York [u.a.]  |b Facts on File  |c 1988 
300 |a XI, 210 S. 
336 |a Text  |b txt  |2 rdacontent 
337 |a ohne Hilfsmittel zu benutzen  |b n  |2 rdamedia 
338 |a Band  |b nc  |2 rdacarrier 
500 |a Includes index 
505 8 |a Enth. 6 Beitr. 
583 1 |a Archivierung/Langzeitarchivierung gewährleistet  |f SLG  |x XA-DE-BW  |z BfZ  |2 pdager  |5 DE-24 
583 1 |a Massenentsäuerung nicht möglich  |2 pdager  |5 DE-18 
583 1 |a Archivierung prüfen  |c 20240324  |f DE-4165  |z 1  |2 pdager 
650 7 |8 1.1\x  |a Terrorismus  |0 (DE-627)091383471  |0 (DE-2867)16395-6  |2 stw 
650 7 |8 1.2\x  |a Usa  |0 (DE-627)091396867  |0 (DE-2867)17829-1  |2 stw 
650 7 |8 1.3\x  |a EU-Staaten  |0 (DE-627)091358639  |0 (DE-2867)17983-5  |2 stw 
650 0 |a Terrorism  |z United States  |x Prevention 
650 0 |a Terrorism  |z Europe  |x Prevention 
650 0 7 |0 (DE-588)4112701-8  |0 (DE-627)104321679  |0 (DE-576)209470127  |a Bekämpfung  |2 gnd 
650 0 7 |0 (DE-588)4059534-1  |0 (DE-627)106143212  |0 (DE-576)209131136  |a Terrorismus  |2 gnd 
653 0 |a Terrorism  |a Government policy 
689 0 0 |d s  |0 (DE-588)4059534-1  |0 (DE-627)106143212  |0 (DE-576)209131136  |a Terrorismus  |2 gnd 
689 0 1 |d s  |0 (DE-588)4112701-8  |0 (DE-627)104321679  |0 (DE-576)209470127  |a Bekämpfung  |2 gnd 
689 0 |5 (DE-627) 
700 1 |a Tucker, H. H.  |e Hrsg.  |4 edt 
856 4 2 |u http://scans.hebis.de/HEBCGI/show.pl?01065353_toc.pdf  |m V:DE-603;B:DE-30  |q application/pdf  |3 Inhaltsverzeichnis  |7 1 
889 |w (DE-627)018852831 
889 |w (DE-627)255856989 
935 |a MZUSA 
935 |i mdedup 
935 |i Blocktest 
935 |h HEB  |i 0501 
935 |h HEB  |i 0503 
936 r v |a MD 8920  |b Terror, Gewalt, Mord  |k Politologie  |k Politische Theorie, Grundbegriffe des Politischen  |k Politische Auseinandersetzung  |k Terror, Gewalt, Mord  |0 (DE-627)1271426560  |0 (DE-625)rvk/122569:  |0 (DE-576)201426560 
936 s n |a m100  |2 mzub 
936 s n |a m200  |2 mzub 
951 |a BO 
ELC |b 1 
LOK |0 000 xxxxxcx a22 zn 4500 
LOK |0 001 3316262628 
LOK |0 003 DE-627 
LOK |0 004 274960451 
LOK |0 005 20151022135306 
LOK |0 008 891114||||||||||||||||ger||||||| 
LOK |0 040   |a DE-21  |c DE-627  |d DE-21 
LOK |0 852   |a DE-21 
LOK |0 852 1  |c KB 18 A 5819  |9 00 
LOK |0 935   |a krim 
LOK |0 939   |a 14-11-89  |b l01 
ORI |a SA-MARC-krimdoka001.raw 
SIG |a UB: KB 18 A 5819